Ordering chaos (Record no. 130274)
[ view plain ]
| 000 -LEADER | |
|---|---|
| fixed length control field | 01909nam a2200361 a 4500 |
| 082 04 - DEWEY DECIMAL CLASSIFICATION NUMBER | |
| Classification number | 809/.02 |
| 100 1# - MAIN ENTRY--AUTHOR NAME | |
| Personal name | Balint, Bridget K. |
| 245 10 - TITLE STATEMENT | |
| Title | Ordering chaos |
| 260 ## - PUBLICATION, DISTRIBUTION, ETC. (IMPRINT) | |
| Place of publication | Leiden ; |
| -- | Boston : |
| Name of publisher | Brill, |
| Year of publication | 2009. |
| 300 ## - PHYSICAL DESCRIPTION | |
| Number of Pages | x, 242 p. |
| 490 1# - SERIES STATEMENT | |
| Series statement | Medieval and Renaissance authors and texts, |
| 505 0# - FORMATTED CONTENTS NOTE | |
| Formatted contents note | The writing of prosimetrum in the Middle Ages -- The authority of the consolation -- The interlocutors -- Situating the self -- Truth and instability in the prosimetra -- Fabulous philosophizing after 1170 -- Prose and poetry in the prosimetra -- Hildebert of Lavardin, The complaint and quarrel of the body and the soul -- Lawrence of Durham, Consolation on the death of a friend. |
| 650 #0 - SUBJECT ADDED ENTRY--TOPICAL TERM | |
| Topical Term | Prose poems, Latin (Medieval and modern) |
| Topical Term | Literature, Medieval |
| 856 40 - ELECTRONIC LOCATION AND ACCESS | |
| Uniform Resource Identifier | http://site.ebrary.com/lib/rucke/Doc?id=10461405 |
No items available.
